000 01553nam a2200361Ia 4500
001 ebr10718801
003 CaPaEBR
006 m o u
007 cr cn|||||||||
008 121218s2013 maua sb 001 0beng d
010 _z 2012036742
020 _z9780674072558 (hardback)
020 _z0674072553 (hardback)
040 _aCaPaEBR
_cCaPaEBR
035 _a(OCoLC)848895534
050 1 4 _aQL31.W7
_bB87 2013eb
082 0 4 _a598.092
_aB
_223
100 1 _aBurtt, Edward H.,
_cJr.,
_d1948-
245 1 0 _aAlexander Wilson
_h[electronic resource] :
_bthe Scot who founded American ornithology /
_cEdward H. Burtt, Jr., William E. Davis, Jr.
260 _aCambridge :
_bBelknap Press of Harvard University Press,
_c2013.
300 _ax, 444 p. :
_bill.
504 _aIncludes bibliographical references (p. 429-432) and index.
533 _aElectronic reproduction.
_bPalo Alto, Calif. :
_cebrary,
_d2013.
_nAvailable via World Wide Web.
_nAccess may be limited to ebrary affiliated libraries.
600 1 0 _aWilson, Alexander,
_d1766-1813.
600 1 0 _aWilson, Alexander,
_d1766-1813.
_tAmerican ornithology
_vIllustrations.
650 0 _aOrnithologists
_zUnited States
_vBiography.
650 0 _aOrnithology
_zUnited States
_xHistory.
650 0 _aBirds
_zUnited States
_vPictorial works.
655 7 _aElectronic books.
_2local
700 1 _aDavis, William E.,
_cJr.,
_d1936-
710 2 _aebrary, Inc.
856 4 0 _uhttp://site.ebrary.com/lib/rucke/Doc?id=10718801
_zAn electronic book accessible through the World Wide Web; click to view
999 _c41386
_d41386